Central Library OPAC University of Rajshahi

ময়মনসিংহের ঐতিহ্যবাহী নাট্য : (Record no. 47977)

MARC details
000 -LEADER
fixed length control field 00885nam a2200229 a 4500
001 - CONTROL NUMBER
control field 47977
003 - CONTROL NUMBER IDENTIFIER
rucl marc code BD-RjUL
005 - DATE AND TIME OF LATEST TRANSACTION
control field 20211209054432.0
008 - FIXED-LENGTH DATA ELEMENTS--GENERAL INFORMATION
fixed length control field 160811s2010 bg |||| ||| 000 0 ben d
020 ## - INTERNATIONAL STANDARD BOOK NUMBER
International Standard Book Number 9840748327
Terms of availability : Tk. 100.00
035 ## - SYSTEM CONTROL NUMBER
System control number (BD-RjUL)48096
040 ## - CATALOGING SOURCE
Original cataloging agency BD-RjUL
Language of cataloging ben
Transcribing agency BD-RjUL
Modifying agency BD-RjUL
041 ## - LANGUAGE CODE
Language code of text/sound track or separate title ben
082 ## - DEWEY DECIMAL CLASSIFICATION NUMBER
Edition number 23
Classification number 891.442
Author mark and year ISM 2010
100 1# - MAIN ENTRY--PERSONAL NAME
Personal name ইসলাম, আহমেদ আমিনুল
9 (RLIN) 145545
245 10 - TITLE STATEMENT
Title ময়মনসিংহের ঐতিহ্যবাহী নাট্য :
Remainder of title গঠন ও পরিবেশরীতি /
Statement of responsibility, etc. আহমেদ আমিনুল ইসলাম
260 ## - PUBLICATION, DISTRIBUTION, ETC. (IMPRINT)
Place of publication, distribution, etc. ঢাকা :
Name of publisher, distributor, etc. বাংলা একাডেমী,
Date of publication, distribution, etc. ২০১০
300 ## - PHYSICAL DESCRIPTION
Pagination ১৩২ পৃ. ;
Size ২১ সেমি.
650 ## - SUBJECT ADDED ENTRY--TOPICAL TERM
Topical term or geographic name as entry element বাংলা নাটক
9 (RLIN) 145546
Topical term or geographic name as entry element Bengali Drama
9 (RLIN) 145547
942 ## - ADDED ENTRY ELEMENTS (KOHA)
Source of classification or shelving scheme Dewey Decimal Classification
Koha item type Books
Holdings
Lost status Source of classification or shelving scheme Damaged status Not for loan Collection code Permanent Location Current Location Shelving location Date acquired Source of acquisition Cost, normal purchase price Total Checkouts Full call number Date last seen Date checked out Copy number Koha item type
  Dewey Decimal Classification     Non-fiction Central Library, University of Rajshahi Central Library, University of Rajshahi   28/07/2012 Bangla Academy , Dhaka 100.00 1 B 891.442 ISM 2010 25/04/2018 11/04/2018 C-2 Books
  Dewey Decimal Classification   Not For Loan Non-fiction Central Library, University of Rajshahi Central Library, University of Rajshahi Reading Room 28/07/2012 Bangla Academy, Dhaka. 100.00   B 891.442 ISM 2010 13/02/2017   C-1 Books